000
00360nam a2200133Ia 4500
008
231129s9999||||xx |||||||||||||| ||spa||
020
_a
84-7634-461-9
040
_b
spa
082
_a
909.08 T927e
100
_a
Tunon de Lara Manuel
245
0
_a
Estudios de historia contemporanea
264
_a
Orbis
942
_2
ddc
_c
BKS
999
_c
13661
_d
13661